Tranh sơn mài Việt Nam
שמור ב:
| פורמט: | ספר |
|---|---|
| שפה: | Undetermined |
| יצא לאור: |
Tp. HCM
Mỹ Thuật
1994
|
| נושאים: | |
| תגים: |
הוספת תג
אין תגיות, היה/י הראשונ/ה לתייג את הרשומה!
|
| Thư viện lưu trữ: | Trung tâm Học liệu Trường Đại học Cần Thơ |
|---|
| LEADER | 00416nam a2200157Ia 4500 | ||
|---|---|---|---|
| 001 | CTU_53376 | ||
| 008 | 210402s9999 xx 000 0 und d | ||
| 082 | |a 745.726 | ||
| 082 | |b Tr107 | ||
| 245 | 0 | |a Tranh sơn mài Việt Nam | |
| 260 | |a Tp. HCM | ||
| 260 | |b Mỹ Thuật | ||
| 260 | |c 1994 | ||
| 650 | |a lacquer and lacquering | ||
| 650 | |z vietnam | ||
| 980 | |a Trung tâm Học liệu Trường Đại học Cần Thơ | ||